| 000 | 00400nam a2200145Ia 4500 | ||
|---|---|---|---|
| 008 | 230917s9999||||xx |||||||||||||| ||und|| | ||
| 040 |
_e28043 _aMAIN |
||
| 041 | _aEnglish | ||
| 082 | _a294.536 S23B | ||
| 100 | _aSharma, Suresh Chandra | ||
| 245 | 0 | _aBharat ke tyohar: Tyoharaon, parvon aur rashtriya utsavon ka rochak vivaran | |
| 260 |
_aDelhi _bAtma Ram _c1997 |
||
| 300 | _a216 p. | ||
| 942 | _cBK | ||
| 999 |
_c92250 _d92250 |
||